01448nab a2200277 a 450000500170000000700030001700800410002004000250006104100080008610000420009422200110013624500620014726400730020930000450028231000130032733600280034033700350036833800300040336200310043350001600046450001210062452002470074565000620099265000620105477300540111620250321073607.0ta250320e2002 dr un|p|r||||||0| | spa d aDO-SdBNPcBNPHUerda hspa1 aPeralta Romero, Rafael,d1948-eautor aCuento aLa niña que parecía de agua /cRafael Peralta Romero. aSanto Domingo, República Dominicana : bClodomiro Moquete, c2002. apágina, 3 : bilustraciones ; c29 cm. aMensual. atexto btxt2rdacontent asin mediación bn 2rdamedia avolumen bnc 2rdacarrier aAño.1: no.3 (mar. 1994). aEste es el primero de varios cuentos de niños que el reconocido escritor Rafael Peralta Romero entrega para el público de nuestra revista. Mil gracias. aEl escritor Rafael Peralta Romero, es el actual director de la Biblioteca Nacional Pedro Henríquez Ureña, BNPHU. aMelancólica, frente al río, la niña llovía lágrimas. Se apoyaba en la piedra alta y pulida, como si se recostara en el tronco de un árbol. Tanto lloraba que parecía que con sus lágrimas quisiera aumentar el caudal del río... 0aCuentovPublicación periódicazRepública Dominicana 0aLiteratura infantil dominicanavPublicación periódica0 037028o37538-9-61-1tVetas :w(DO-SdBNP)000037538